00283nam a2200109Ia 4500008004100000082001600041100002600057245003100083250000800114260004300122300000800165191201s2013 xx 000 0 und d a005.43bSIO aSILBERSCHATZ, Abraham 0aOperating Systems Concepts aRep c2013bWiley Dreautech IndiaaNEW DELHI a972